[Event "GER-ch U12"]
[Site "Willingen"]
[Date "2020.10.30"]
[Round "5"]
[White "Gaertner, Alessandro"]
[Black "Mueller, Mitja"]
[Result "1-0"]
[WhiteElo "1251"]
[BlackElo "1360"]
[PlyCount "107"]
[EventDate "2020.10.26"]
[EventType "swiss"]
[EventRounds "7"]
[EventCountry "GER"]
[SourceTitle "CBM 199 Extra"]
[Source "ChessBase"]
[SourceDate "2021.01.31"]
[SourceVersion "1"]
[SourceVersionDate "2021.01.31"]
[SourceQuality "1"]

1. d4 d5 2. Bf4 Nf6 3. Nf3 c5 4. e3 Nc6 5. c3 Qb6 6. Na3 c4 7. Qc1 Bf5 8. Be2 e6 9. Nc2 Be7 10. 0-0 0-0 11. Nd2 Qa5 12. f3 b5 13. a3 Qb6 14. Re1 Bxc2 15. Qxc2 e5 16. Bg3 Rfe8 17. Bf2 Bd6 18. Qf5 Ne7 19. Qh3 Ng6 20. g3 Rad8 21. Bf1 e4 22. fxe4 Nxe4 23. Nxe4 Rxe4 24. Bg2 Ree8 25. Bxd5 Bxg3 26. Bxf7+ Kxf7 27. Bxg3 Kg8 28. Re2 Re7 29. Rf1 Rde8 30. Qf5 Qe6 31. Qxe6+ Rxe6 32. Rfe1 Ne7 33. e4 Nf5 34. d5 Nxg3 35. hxg3 Re5 36. d6 Kf7 37. Rd2 Ke6 38. Rd4 Rd8 39. Red1 Kd7 40. a4 a6 41. Kf2 Rf8+ 42. Ke3 g5 43. axb5 axb5 44. Ra1 g4 45. Ra7+ Kc6 46. Rc7+ Kb6 47. Rxh7 Re6 48. Re7 Ref6 49. e5 Rf3+ 50. Ke4 Kc6 51. d7 Rf1 52. d8N+ Kc5 53. Ne6+ Kc6 54. Rd6# 1-0

[Event "GER-ch U12"]
[Site "Willingen"]
[Date "2020.10.30"]
[Round "6"]
[White "Mueller, Mitja"]
[Black "Mader, Fabian"]
[Result "1-0"]
[WhiteElo "1360"]
[BlackElo "1588"]
[PlyCount "113"]
[EventDate "2020.10.26"]
[EventType "swiss"]
[EventRounds "7"]
[EventCountry "GER"]
[SourceTitle "CBM 199 Extra"]
[Source "ChessBase"]
[SourceDate "2021.01.31"]
[SourceVersion "1"]
[SourceVersionDate "2021.01.31"]
[SourceQuality "1"]

1. d4 Nf6 2. c4 g6 3. Nc3 d5 4. Nf3 Bg7 5. Qb3 c5 6. dxc5 d4 7. Nb5 Nbd7 8. Nbxd4 Qa5+ 9. Bd2 Qxc5 10. e3 0-0 11. Bb4 Qc7 12. Bxe7 Re8 13. Nb5 Qb6 14. Bxf6 Nxf6 15. Be2 Ne4 16. 0-0 Bg4 17. Rfd1 a6 18. Nc3 Qxb3 19. axb3 Bxc3 20. bxc3 Nxc3 21. Rd2 Rad8 22. Rc2 Nxe2+ 23. Rxe2 Rd3 24. Rb2 Red8 25. Nd4 Bd1 26. Kf1 Bg4 27. h3 Bf5 28. Ke2 h5 29. g4 hxg4 30. hxg4 R3xd4 31. exd4 Bxg4+ 32. Kd3 Bf5+ 33. Kc3 Kg7 34. d5 Kf6 35. Re1 Rd6 36. f4 g5 37. fxg5+ Kxg5 38. Kd4 b6 39. c5 bxc5+ 40. Kxc5 Rd7 41. Kc6 f6 42. d6 a5 43. Re7 Rd8 44. d7 Rxd7 45. Rxd7 Bxd7+ 46. Kxd7 f5 47. Rf2 f4 48. Kd6 Kg4 49. Ke5 f3 50. Ke4 Kg3 51. Rxf3+ Kg2 52. Ke3 Kg1 53. Rf2 Kh1 54. Kf3 Kg1 55. Kg3 a4 56. bxa4 Kh1 57. Rf1# 1-0

[Event "GER-ch U10"]
[Site "Willingen"]
[Date "2018.05.26"]
[Round "11"]
[White "Toth, Luca"]
[Black "Mueller, Mitja"]
[Result "1-0"]
[WhiteElo "1218"]
[BlackElo "1215"]
[PlyCount "103"]
[EventDate "2018.05.19"]
[EventType "swiss"]
[EventRounds "11"]
[EventCountry "GER"]
[SourceTitle "CBM 184 Extra"]
[Source "ChessBase"]
[SourceDate "2018.06.28"]
[SourceVersion "1"]
[SourceVersionDate "2018.06.28"]
[SourceQuality "1"]

1. e4 c5 2. Nf3 e6 3. c4 Qc7 4. Nc3 a6 5. Be2 Nc6 6. d4 cxd4 7. Nxd4 Bc5 8. Be3 Be7 9. 0-0 Nf6 10. Qd2 b6 11. Rac1 Bb7 12. a3 Nxd4 13. Qxd4 Bc5 14. Qd3 Qe5 15. f4 Bxe4 16. fxe5 Bxd3 17. Bxc5 Bxe2 18. Nxe2 bxc5 19. exf6 gxf6 20. Rxf6 Rb8 21. Rb1 Rg8 22. Rf3 Rg4 23. Rf4 Rg8 24. Nc3 e5 25. Re4 f6 26. Nd5 Kf7 27. b4 cxb4 28. Rxb4 Rbe8 29. Rb6 Rg6 30. Rxa6 f5 31. Rxg6 hxg6 32. Re2 Ra8 33. Rxe5 Rxa3 34. Re7+ Kf8 35. Rxd7 Ra1+ 36. Kf2 Ra2+ 37. Kf3 g5 38. Re7 Ra3+ 39. Re3 Ra4 40. c5 g4+ 41. Kg3 Rc4 42. Rc3 Rd4 43. c6 Rxd5 44. c7 Kf7 45. c8Q Kg6 46. Qe6+ Kg5 47. Qxd5 Kg6 48. Rc6+ Kg7 49. Qxf5 Kh8 50. Rc7 Kg8 51. Qf7+ Kh8 52. Qh7# 1-0

[Event "GER-ch U10"]
[Site "Willingen"]
[Date "2018.05.22"]
[Round "5"]
[White "Hubert, Nikita"]
[Black "Mueller, Mitja"]
[Result "1/2-1/2"]
[WhiteElo "1122"]
[BlackElo "1215"]
[PlyCount "54"]
[EventDate "2018.05.19"]
[EventType "swiss"]
[EventRounds "11"]
[EventCountry "GER"]
[SourceTitle "CBM 184 Extra"]
[Source "ChessBase"]
[SourceDate "2018.06.28"]
[SourceVersion "1"]
[SourceVersionDate "2018.06.28"]
[SourceQuality "1"]

1. e4 c5 2. c4 e6 3. Nc3 a6 4. Nf3 Qc7 5. Be2 Nc6 6. 0-0 Nf6 7. d4 cxd4 8. Nxd4 Bc5 9. Be3 0-0 10. Nxe6 dxe6 11. Bxc5 Rd8 12. Qb3 Qf4 13. Be3 Qe5 14. f4 Qd6 15. Rad1 Qe7 16. Rxd8+ Qxd8 17. Rd1 Qe7 18. a3 e5 19. f5 g6 20. fxg6 hxg6 21. Bg5 Nd4 22. Qb6 Nxe2+ 23. Nxe2 Kg7 24. Rf1 Nd7 25. Bxe7 Nxb6 26. Bf6+ Kg8 27. Rd1 Bg4 1/2-1/2

[Event "GER-ch U10"]
[Site "Willingen"]
[Date "2018.05.21"]
[Round "4"]
[White "Mueller, Mitja"]
[Black "Braeutigam, Alexander"]
[Result "0-1"]
[WhiteElo "1215"]
[BlackElo "1391"]
[PlyCount "66"]
[EventDate "2018.05.19"]
[EventType "swiss"]
[EventRounds "11"]
[EventCountry "GER"]
[SourceTitle "CBM 184 Extra"]
[Source "ChessBase"]
[SourceDate "2018.06.28"]
[SourceVersion "1"]
[SourceVersionDate "2018.06.28"]
[SourceQuality "1"]

1. d4 Nf6 2. c4 e6 3. Nc3 b6 4. Nf3 Bb7 5. Bf4 Be7 6. e3 d6 7. Bd3 d5 8. 0-0 Nbd7 9. Re1 0-0 10. e4 dxe4 11. Nxe4 Nxe4 12. Bxe4 Bxe4 13. Rxe4 Nf6 14. Re1 c5 15. Be5 Ng4 16. Qd3 Nxe5 17. Nxe5 Qxd4 18. Qxd4 cxd4 19. Rad1 Bc5 20. a3 a5 21. Re4 h6 22. Nc6 Rac8 23. Nxd4 Rfd8 24. Kf1 e5 25. Rxe5 Rxd4 26. Rde1 Rd2 27. f3 Rf2+ 28. Kg1 Rxb2+ 29. Kf1 Rf2+ 30. Kg1 Rxf3+ 31. Kh1 Rxa3 32. h4 Bb4 33. R1e4 Ra1+ 0-1